العرب والكشف عن البارود

محفوظ في:

المؤلف الرئيسي: عبدالرحمن زكى.

التنسيق: كتاب

اللغة: Undetermined

منشور في: Cairo Egyptian Academy for Scientific Culture

الوسوم: إضافة وسم

لا توجد وسوم, كن أول من يضع وسما على هذه التسجيلة!

رقم الطلب: Q05 ZAKI

LEADER 00377nam a2200121Ia 4500
008 240404s9999||||xx |||||||||||||| ||und||
050 4 |a Q05 ZAKI 
100 1 |a عبدالرحمن زكى. 
245 1 0 |a العرب والكشف عن البارود  |c عبدالرحمن زكى 
264 1 |a Cairo  |b Egyptian Academy for Scientific Culture 
300 |a 89-129  |c 24 
942 |2 lcc  |c BK 
999 |c 57956  |d 57956